000 00702nam a2200265Ia 4500
003 OSt
005 20220912151319.0
006 a|||||r|||| 00| 0
007 ta
008 220909b |||||||| |||| 00| 0 eng d
024 _a37459
037 _cTextual
040 _aCSL
_beng
_cCSL
041 _aeng
082 _aD65,8(B)91, L4
100 _aHice G F
245 0 _aSystem development methodology
260 _aAmsterdam
_bNorth-Holland
_c1974
300 _aix,449p.
_ccm.
500 _aBibliography p.
_ccm.423-431.
650 _aSystem development
700 _a Turner W S
942 _hD65,8(B)91, L4
_cTEXL
_2CC
999 _c65822
_d65822